000
00250nam a2200097Ia 4500
001
670652
005
20250826160811.0
008
250824s9999 xx 000 0 und d
245
0
_a
Akıllı Pireler Gökkuş Diz
_c
Gülten Dayıoğlu
260
_b
ALTIN
999
_c
670652
_d
670652